Matters of life and death : New introductory essays in moral philosophy /

Salvato in:
Dettagli Bibliografici
Altri autori: Ragan, Tom (Compilatore)
Natura: Libro
Lingua:inglese
Pubblicazione: New York : McGraw-Hill, 1985
Edizione:2.ed.
Soggetti:
Tags: Aggiungi Tag
Nessun Tag, puoi essere il primo ad aggiungerne!!

MARC

LEADER 00000nam a22000003a 4500
001 stu6226
005 20150617225808.1
008 940624s1985----xxu-----------------eng-d
020 |a 0-07-554732-5 
040 |a STU  |b slo 
041 0 |a eng 
044 |a xxu 
080 |a 316.6 
080 |a 172  |7 stu_us_auth*stu9855 
100 1 |a Ragan, Tom  |4 com 
245 1 |a Matters of life and death :  |b New introductory essays in moral philosophy /  |c Edit.: Ragan,Tom 
250 |a 2.ed. 
260 |a New York :  |b McGraw-Hill,  |c 1985 
300 |a 437 s 
650 7 |a filozofia morálky  |2 stusub 
650 7 |a eutanázia  |2 stusub 
650 7 |a sociálna etika  |2 stusub 
650 7 |a sociálna psychológia  |2 stusub 
996 |b E79044  |c R*79044  |l RRUM  |s A  |a 24  |w stu6226_0001